| 000 | 00674nam a2200193 4500 | ||
|---|---|---|---|
| 008 | 160926b xxu||||| |||| 00| 0 eng d | ||
| 020 | _a0130934097 | ||
| 082 |
_22002 _aDC 657 _bH78 |
||
| 100 |
_915256 _aHorngren, Charles T. |
||
| 245 |
_aAccounting/ _cCharles T. Horngren, Walter T. Harrison and Linda Smith Bamber. |
||
| 250 | _a5th edition | ||
| 260 |
_aUSA: _bPrentice Hall, _cc2002. |
||
| 300 |
_axxx, 1104+various paging: _bcolor illustrations; _c28 cm. |
||
| 500 | _aIncludes appendices, glossary and indexes. | ||
| 650 | 0 |
_915257 _aAccounting |
|
| 700 |
_915258 _aHarrison, Walter T. _eAuthor |
||
| 700 |
_915259 _aBamber, Linda Smith _eAuthor |
||
| 942 |
_2ddc _cDC |
||
| 999 |
_c4835 _d4835 |
||